| 000 | 00579nam a2200181 a 4500 | ||
|---|---|---|---|
| 005 | 20210219160321.0 | ||
| 008 | 081010s2000 mx r 000 0 spa d | ||
| 035 | _aUPN01000163140 | ||
| 049 | _aUNE | ||
| 080 | _aOC 628.16 (72) "1989" FIL. | ||
| 245 | 0 | 0 | _aFiltro de arena: guía para su construcción. |
| 260 | _aMéxico : SEDUE, 1989. | ||
| 300 | _a22 p.; 21 cm. il. | ||
| 690 | _aTratamiento del agua- Mexico | ||
| 690 | _aFiltracion- Arenas- Mexico | ||
| 710 | 1 | _aMéxico. Secretaría de Desarrollo Urbano y Ecología. Subsecretaría de Ecología. | |
| 905 | _aUNESCO | ||
| 999 |
_c135253 _d135253 |
||